=LDR 00000nam 2200000 4500 =001 INLIS000000000046371 =005 20260107081633 =035 ##$$a 0010-031500000000143 =008 260107################g##########0#ind## =020 ##$$a 978-685-075-3 =040 ##$$a NBPDMAT =082 ##$$a 499.210.14 =090 ##$$a 499.210.14 $b Ped p =245 ##$$a pedoman umum pembentukan istilah /$c Badan pengembangan dan pembinaan bahasa =250 ##$$a ed 3 et 7 =260 ##$$a jakarta :$b departemen badan penegembangan dan pembinaan bahasa , departemen pendidikan dan kebudayaan,$c 2012 =300 ##$$a xiv 47 hlm : $b ilus ; $c 21 cm. =500 ##$$a Indeks : hlm. 45-47 =084 ##$$a 499.210.14 PED p =990 ##$$a 31500031 =990 ##$$a 31500032 =990 ##$$a 31500033 =990 ##$$a 31500034 =990 ##$$a 31500035 =990 ##$$a 3202200132